Normal view
MARC view
- Cohoon J P & Davidson J W
Entry Personal Name
001 - CONTROL NUMBER
- control field: 108201
003 - CONTROL NUMBER IDENTIFIER
- control field: OSt
005 - DATE AND TIME OF LATEST TRANSACTION
- control field: 20230125043248.0
008 - FIXED-LENGTH DATA ELEMENTS
- fixed length control field: 230125|| aca||aabn | a|a d
040 ## - CATALOGING SOURCE
- Original cataloging agency: OSt
- Transcribing agency: OSt
100 ## - HEADING--PERSONAL NAME
- Personal name: Cohoon J P & Davidson J W
670 ## - SOURCE DATA FOUND
- Source citation: Work cat.: (OSt)85013: Cohoon J P 108200, C++ program design-an introduction to programming and design, 1997